Normal view MARC view

Entry Personal Name

Number of records used in: 1

001 - CONTROL NUMBER

  • control field: 168549

003 - CONTROL NUMBER IDENTIFIER

  • control field: OSt

005 - DATE AND TIME OF LATEST TRANSACTION

  • control field: 20220923225246.0

008 - FIXED-LENGTH DATA ELEMENTS

  • fixed length control field: 220923|| aca||aabn | a|a d

040 ## - CATALOGING SOURCE

  • Original cataloging agency: OSt
  • Transcribing agency: OSt

100 ## - HEADING--PERSONAL NAME

  • Personal name: वासवदत्ता, कुमारी पी0

670 ## - SOURCE DATA FOUND

  • Source citation: Work cat.: (OSt)377109: वासवदत्ता, कुमारी पी0, आचार्य हजारीप्रसाद द्विवेदी व्यक्तित्व और कृतित्व, 1965
Copyright @ Delhi University Library System